000 00470nam a2200193Ia 4500
003 0100
008 130303s9999 xx 000 0 und d
040 _cARRUPELIB
050 _aLB85.A7A31967
100 _aBurnet, John
245 _aAristotle on education
245 _bExtracts from the ethics and politics
260 _aCambridge
260 _bAt the Univ. pr.
260 _C1967
300 _a141p
650 _bSocial sciences -- Dictionaries
942 0 0 _06
999 _c36604
_d36604